Dynamika obchodu v rámci Vyšehradskej skupiny bakalárska práca

Salvato in:
Dettagli Bibliografici
Autore principale: Vašek, Timotej
Ente Autore: Obchodná fakulta EU. Katedra medzinárodného obchodu
Altri autori: Luptáková, Anabela, 1995-
Natura: Libro
Lingua:slovacco
Pubblicazione: Bratislava 2025
Tags: Aggiungi Tag
Nessun Tag, puoi essere il primo ad aggiungerne!!

MARC

LEADER 00000nbm a2200000 4500
001 0311129
005 20251106121736.5
041 0 |a slo 
044 |a SK 
245 1 0 |a Dynamika obchodu v rámci Vyšehradskej skupiny  |b bakalárska práca  |c Timotej Vašek ; školiteľ: Anabela Luptáková 
264 1 |a Bratislava  |c 2025 
300 |a 70 s. 
100 1 |a Vašek, Timotej 
700 1 |a Luptáková, Anabela, 1995- 
710 2 |a Obchodná fakulta EU. Katedra medzinárodného obchodu